Ideología, conflicto y liderazgo en grupos y organizaciones
Uloženo v:
| Hlavní autor: | |
|---|---|
| Médium: | Kniha |
| Jazyk: | španělština |
| Vydáno: |
Barcelona
Paidós
1999
|
| Edice: | Grupos e Instituciones, 54
|
| Témata: | |
| Tagy: |
Přidat tag
Žádné tagy, Buďte první, kdo vytvoří štítek k tomuto záznamu!
|
MARC
| LEADER | 00000nam a2200000 a 4500 | ||
|---|---|---|---|
| 001 | UCP7226 | ||
| 003 | CL-VaPUC | ||
| 008 | 991203e19990000SP |||||||||||||||||spa|d | ||
| 082 | 0 | 4 | |a 616.891 |b KER |2 21 |
| 100 | |a Kernberg, Otto F |e author |9 564600 | ||
| 245 | 1 | 0 | |a Ideología, conflicto y liderazgo en grupos y organizaciones |
| 300 | |a 366 p | ||
| 942 | |c BK | ||
| 945 | |d 19991203 00:00:00 |a vberengu | ||
| 260 | |a Barcelona |b Paidós |c 1999 | ||
| 650 | 7 | |a COMPORTAMIENTO DE GRUPO |2 CL-VaPUC |9 335588 | |
| 650 | 0 | |a Comportamiento social |9 334200 | |
| 650 | 0 | |a Dinámica de grupos |9 259862 | |
| 650 | 0 | |a Liderazgo |9 271835 | |
| 650 | 0 | |a Psicoanálisis |9 265702 | |
| 650 | 7 | |a REGRESION |2 CL-VaPUC |9 436711 | |
| 650 | 7 | |a RELACIONES ENTRE GRUPOS |2 CL-VaPUC |9 337590 | |
| 650 | 0 | |a Terapia |9 334442 | |
| 650 | 0 | |a Trastornos de la personalidad |9 307698 | |
| 650 | 0 | |a Trastornos del comportamiento |9 311363 | |
| 583 | |a last modification |c 19991203 00:00:00 |k Rodrigo Vera | ||
| 490 | 0 | |a Grupos e Instituciones, 54 | |
| 999 | |c 284535 |d 284533 | ||
| 952 | |0 0 |1 0 |4 0 |6 616_891000000000000_KER_1999 |7 0 |8 A |9 328620 |a BIBEDU |b BIBEDU |d 2019-11-20 |i 3575055 |o 616.891 KER 1999 |p 3575055 |r 2019-11-20 |w 2019-11-20 |y BK |k PSI | ||